Cliquez sur les pays d'Asie dans l'ordre alphabétique sur une carte - Statistiques

Statistiques générales
  • Ce quiz a été pris 168 fois
  • Le résultat moyen est 23 sur 48
Réponses sur la Carte
Les réponses sont colorées sur une échelle allant du rouge au vert en fonction du pourcentage des utilisateurs qui les ont devinées à leur premier essai. Vous pouvez retrouver ces pourcentages ci-dessous.
 
Statistiques - réponses
Réponse % Correct
1 : A...
76%
16 : G...
62%
48 : Y...
62%
4 : A...
62%
15 : E...
60%
23 : J...
60%
3 : A...
60%
14 : C...
59%
36 : P...
59%
32 : N...
57%
35 : P...
57%
37 : Q...
57%
47 : V...
57%
24 : K...
56%
28 : L...
56%
34 : O...
56%
11 : C...
54%
17 : I...
54%
20 : I...
54%
26 : K...
54%
31 : M...
54%
33 : O...
54%
13 : C...
52%
21 : I...
51%
40 : S...
51%
25 : K...
49%
46 : T...
49%
27 : L...
48%
2 : A...
48%
18 : I...
46%
6 : B...
46%
22 : J...
44%
45 : T...
44%
39 : S...
43%
29 : M...
41%
7 : B...
41%
8 : B...
41%
9 : B...
41%
5 : B...
40%
10 : C...
38%
41 : T...
37%
43 : T...
32%
19 : I...
30%
38 : S...
30%
12 : C...
27%
42 : T...
25%
30 : M...
21%
44 : T...
10%
Aucun quiz correspondant
Distribution des résultats
% des personnes avec chaque résultat
Percentile par nombre de réponses
Votre historique - résultats
Vous n’avez pas pris ce quiz